000 00337nam a2200145Ia 4500
008 090124s9999 xx 000 0 und d
082 _b201814
245 _a आजच
250 _a2
260 _bआपटे हरी नारायण
_c1965
300 _a212
630 _a आजच
730 _a आजच
942 _cBOOK
999 _c183395
_d183395